Escribir en Cuba : (Record no. 4726)
[ view plain ]
| 000 -CABECERA | |
|---|---|
| campo de control de longitud fija | 00904cam a2200253 a 4500 |
| 001 - NÚMERO DE CONTROL | |
| campo de control | 000004920 |
| 005 - FECHA Y HORA DE LA ÚLTIMA TRANSACCIÓN | |
| campo de control | 20200929151533.0 |
| 008 - DATOS DE LONGITUD FIJA--INFORMACIÓN GENERAL | |
| campo de control de longitud fija | 910307s1991 pr ac 001 1 spa |
| 020 ## - NÚMERO INTERNACIONAL ESTÁNDAR DEL LIBRO | |
| Número Internacional Estándar del Libro | 084773661X |
| 040 ## - FUENTE DE LA CATALOGACIÓN | |
| Centro catalogador/agencia de origen | DO-SdBNP |
| Centro/agencia modificador | BNPHU |
| 082 ## - NÚMERO DE LA CLASIFICACIÓN DECIMAL DEWEY | |
| Número de clasificación | Cu860.09 |
| Número de documento/Ítem | B423e |
| 100 1# - ENTRADA PRINCIPAL--NOMBRE DE PERSONA | |
| Nombre de persona | Bejel, Emilio, |
| Fechas asociadas al nombre | 1944- |
| 9 (RLIN) | 14225 |
| 245 10 - MENCIÓN DE TÍTULO | |
| Título | Escribir en Cuba : |
| Resto del título | entrevistas con escritores cubanos, 1979-1989 / |
| Mención de responsabilidad, etc. | Emilio Bejel. |
| 260 ## - PUBLICACIÓN, DISTRIBUCIÓN, ETC. | |
| Lugar de publicación, distribución, etc. | Río Piedras, Puerto Rico : |
| Nombre del editor, distribuidor, etc. | Editorial de la Universidad de Puerto Rico, |
| Fecha de publicación, distribución, etc. | 1991. |
| 300 ## - DESCRIPCIÓN FÍSICA | |
| Extensión | xiv, 387 p. : |
| Otras características físicas | il., retrs. ; |
| Dimensiones | 21 cm. |
| 490 1# - MENCIÓN DE SERIE | |
| Mención de serie | Caribeña |
| 650 #4 - PUNTO DE ACCESO ADICIONAL DE MATERIA--TÉRMINO DE MATERIA | |
| Término de materia o nombre geográfico como elemento de entrada | Literatura cubana |
| Subdivisión general | Historia y crítica |
| Subdivisión cronológica | SIGLO XX |
| 9 (RLIN) | 14226 |
| 650 #4 - PUNTO DE ACCESO ADICIONAL DE MATERIA--TÉRMINO DE MATERIA | |
| Término de materia o nombre geográfico como elemento de entrada | Autores cubanos |
| Subdivisión cronológica | SIGLO XX |
| Subdivisión de forma | ENTREVISTAS |
| 9 (RLIN) | 14227 |
| 650 #4 - PUNTO DE ACCESO ADICIONAL DE MATERIA--TÉRMINO DE MATERIA | |
| Término de materia o nombre geográfico como elemento de entrada | Literatura y sociedad |
| Subdivisión geográfica | Cuba |
| 9 (RLIN) | 9841 |
| 651 #4 - PUNTO DE ACCESO ADICIONAL DE MATERIA--NOMBRE GEOGRÁFICO | |
| Nombre geográfico | Cuba |
| Subdivisión general | Vida Intelectual |
| Subdivisión cronológica | SIGLO XX |
| 9 (RLIN) | 14228 |
| 830 #0 - PUNTO DE ACCESO ADICIONAL DE SERIE-TÍTULO UNIFORME | |
| Título uniforme | Caribeña |
| 9 (RLIN) | 14229 |
| 910 ## - DATOS DE OPCIÓN DEL USUARIO (OCLC) | |
| Datos de opción del usuario | Catalogación por copia / LC |
| 910 ## - DATOS DE OPCIÓN DEL USUARIO (OCLC) | |
| Datos de opción del usuario | WM |
| Estado de retiro | Estado de pérdida | Restricciones de uso | No para préstamo | Código de colección | Localización permanente | Ubicación/localización actual | Ubicación en estantería | Fecha de adquisición | Número de inventario | Total de préstamos | Signatura topográfica completa | Código de barras | Fecha visto por última vez | Precio válido a partir de | Tipo de ítem Koha | Número de copia |
|---|---|---|---|---|---|---|---|---|---|---|---|---|---|---|---|---|
| Préstamo interno | Monografías: Libros y Folletos | General | General | Depósito | 27.07.2009 | LF1 | Cu860.09 B423e | 4920-10 | 25.06.2020 | 25.06.2020 | Préstamo interno | |||||
| Préstamo restringido | Préstamo restrigido | Monografías: Libros y Folletos | General | General | Depósito | 27.07.2009 | LF1 | Cu860.09 B423e | 4920-20 | 25.06.2020 | 25.06.2020 | Préstamo interno | e.2 | |||
| Préstamo interno | Monografías: Libros y Folletos | General | General | Depósito | 27.07.2009 | LF1 | Cu860.09 B423e | 4920-30 | 25.06.2020 | 25.06.2020 | Préstamo interno | e.3 |
